| 000 | 01201nam a2200301 a 4500 | ||
|---|---|---|---|
| 001 | 940 | ||
| 003 | BR-CuiBMT | ||
| 005 | 20231123201314.0 | ||
| 008 | 231123s2016 prba 000 0 por d | ||
| 020 | _a9788585718091 | ||
| 040 |
_aBR-CuiBMT _cBR-CuiBMT |
||
| 080 |
_22007 _a35.078.3 |
||
| 090 |
_a35.078.3 _bC764 |
||
| 245 | 0 | 0 |
_aControle externo : _bcoletânea de artigos nas diversas áreas da administração pública: administração municipal, atos de pessoal, contabilidade, licitações e contratos, obras públicas, transferências voluntárias. _c[organização: Caroline Gasparin Lichtensztejn, Yarusya Rohrich da Fonseca] |
| 260 |
_aCuritiba: _bTCEPR, _c2016. |
||
| 300 |
_a445 p. : _bil. _c21 cm |
||
| 504 | _ainclui bibliografia. | ||
| 650 |
_aFinanças públicas _xauditoria |
||
| 650 |
_aContabilidade pública _zBrasil |
||
| 650 |
_aAdministração pública _zBrasil |
||
| 650 | _aLicitação pública | ||
| 650 | _aContratos administrativos | ||
| 650 | _aObras públicas | ||
| 700 |
_aLichtensztejn, Caroline Gasparin _4org. |
||
| 700 |
_aFonseca, Yarusya Rohrich da _4org. |
||
| 710 |
_aTribunal de contas do Estado do Paraná. _bEscola de gestão pública |
||
| 942 |
_2udc _cLV |
||
| 999 |
_c940 _d940 |
||